Oil & gas Asia business directory 2012/2013.
| Format: | Book |
|---|---|
| Published: |
Singapore:
APA Energy Business Publications,
2012.
|
| Edition: | 25th ed.. |
| Subjects: |
| LEADER | 00528cam a2200157 7i4500 | ||
|---|---|---|---|
| 001 | 0000030441 | ||
| 005 | 20140529090000.0 | ||
| 090 | 0 | 0 | |a ASIA 338.2728025 |b OIL |
| 245 | 0 | 0 | |a Oil & gas Asia business directory 2012/2013. |
| 250 | 0 | 0 | |a 25th ed.. |
| 260 | 0 | 0 | |a Singapore: |b APA Energy Business Publications, |c 2012. |
| 300 | # | # | |a 232 p. |
| 650 | 0 | 0 | |a Gas industry -- |x Directories -- |z Asia |
| 650 | 0 | 0 | |a Petroleum industry and trade -- |x Directories -- |z Asia |
| 651 | 0 | 0 | |a Asia |
| 999 | |a B000033537 |b Directories |c Regions |e Business Information Centre | ||